000 00617nam a2200193Ia 4500
003 GCL
008 140319s9999 xx 000 0 ara d
040 _aGCL /
_cGCL
082 0 4 _a922.1
_bم ف
100 1 _aمحمد رضا
245 1 0 _aالفاروق عمر بن الخطاب ثانى الخلفاء الراشدين رضى الله عنه /
_cمحمد رضا
260 _a[S.N] :
_bدار الكتب العلمية للنشر والتوزيع ،
_c1990
300 _a340 ص
490 _a
650 0 4 _aالاسلام
650 0 4 _aالتراجم
650 0 4 _aعمر بن الخطاب
942 _2ddc
_cBK
999 _c35154
_d35154